Tiến lên dưới ngọn cờ vẽ vang của Đảng

में बचाया:
ग्रंथसूची विवरण
मुख्य लेखक: Lê Duẩn
स्वरूप: पुस्तक
प्रकाशित: H. Sự thật 1980
विषय:
टैग : टैग जोड़ें
कोई टैग नहीं, इस रिकॉर्ड को टैग करने वाले पहले व्यक्ति बनें!
Thư viện lưu trữ: Trung tâm Học liệu Lê Vũ Hùng, Trường Đại học Đồng Tháp
LEADER 00799pam a22002298a 4500
001 00000215
005 20171026081022.0
008 110318s1980 ||||||Viesd
041 0 # |a Vie 
082 1 4 |a 355.434 615  |b T305L 
100 0 # |a Lê Duẩn 
245 0 0 |a Tiến lên dưới ngọn cờ vẽ vang của Đảng  |c Lê Duẩn 
260 # # |a H.  |b Sự thật  |c 1980 
300 # # |a 69 tr.  |c 20 cm. 
650 # 4 |a Đảng Cộng Sản Việt Nam 
653 # # |a Cách mạng  |a Việt Nam  |a Văn kiện  |a Đảng Cộng Sản Việt Nam 
852 # # |b Kho mượn  |j  KM.0012057 
852 # # |b Kho đọc  |j KD.0000365 
852 # # |j KM.0012057  |j KD.0000365 
910 |d 18/03/2011 
980 # # |a Trung tâm Học liệu Lê Vũ Hùng, Trường Đại học Đồng Tháp